[Event "BCF-ch Seniors 65"]
[Site "Hull"]
[Date "2018.07.31"]
[Round "3"]
[White "Surtees, Michael"]
[Black "Gregg, Alan Michael"]
[Result "1-0"]
[WhiteElo "2146"]
[BlackElo "1960"]
[PlyCount "85"]
[EventDate "2018.07.29"]
[EventType "swiss"]
[EventRounds "7"]
[EventCountry "ENG"]
[SourceTitle "CBM 185 Extra"]
[Source "ChessBase"]
[SourceDate "2018.07.29"]
[SourceVersion "1"]
[SourceVersionDate "2018.07.29"]
[SourceQuality "1"]

1. e4 e5 2. d3 d6 3. Ne2 g6 4. g3 Bg7 5. Bg2 Nc6 6. c4 Nge7 7. Nbc3 0-0 8. 0-0 Be6 9. Nd5 Rb8 10. a4 a5 11. Bd2 b6 12. Qc1 f6 13. h3 g5 14. f4 h6 15. Bc3 Rc8 16. Qd2 Bd7 17. fxg5 hxg5 18. Rf2 Nxd5 19. cxd5 Ne7 20. d4 Ng6 21. b3 Qe7 22. Rc1 c6 23. dxc6 Rxc6 24. Rff1 Rfc8 25. Kh2 Be8 26. Bf3 R6c7 27. Bg4 Bd7 28. Bxd7 Rxd7 29. d5 Qd8 30. Bb2 Rb8 31. Nc3 Kh7 32. Qe2 Kg8 33. Nb5 Ne7 34. Ba3 Nc8 35. Rc6 Bf8 36. Qg4 Kg7 37. h4 Be7 38. Bc1 Na7 39. hxg5 fxg5 40. Qe6 Qh8+ 41. Kg2 Qh5 42. Qxd7 Qe2+ 43. Kg1 1-0

[Event "CAN-ch Seniors 65+"]
[Site "Kitchener"]
[Date "2015.08.03"]
[Round "6"]
[White "Gregg, Alan Michael"]
[Black "Glew, Richard"]
[Result "1-0"]
[WhiteElo "1917"]
[BlackElo "1659"]
[PlyCount "129"]
[EventDate "2015.07.31"]
[EventType "swiss"]
[EventRounds "7"]
[EventCountry "CAN"]
[SourceTitle "EXT 2022"]
[Source "ChessBase"]
[SourceDate "2021.10.06"]
[SourceVersion "1"]
[SourceVersionDate "2021.10.06"]
[SourceQuality "1"]

1. e4 c5 2. Nf3 e6 3. d4 cxd4 4. Nxd4 a6 5. Bd3 Bc5 6. Nb3 Ba7 7. c4 Nc6 8. Nc3 Nf6 9. 0-0 0-0 10. Bg5 h6 11. Bh4 Ne5 12. Be2 d6 13. Kh1 Qc7 14. Bxf6 gxf6 15. Nd2 Bd7 16. Rc1 Bc6 17. b3 Kh7 18. Nd5 Qd8 19. Nb4 Rg8 20. Nxc6 bxc6 21. f4 Ng6 22. g3 f5 23. exf5 exf5 24. Bd3 d5 25. Bxf5 dxc4 26. Nxc4 Qf6 27. Qc2 Rad8 28. Ne5 c5 29. Nd7 Qc6+ 30. Qg2 Qxg2+ 31. Kxg2 Kh8 32. Bxg6 Rxd7 33. Bf5 Rd2+ 34. Rf2 Rgd8 35. Rc2 Rxf2+ 36. Kxf2 c4+ 37. Kf3 cxb3 38. axb3 Kg7 39. Be4 Rb8 40. Bd5 Bb6 41. Kg4 a5 42. Rc6 Bd8 43. Rd6 Be7 44. Rd7 Rd8 45. Rxe7 Rxd5 46. Re5 Rd3 47. Rb5 Kg6 48. f5+ Kf6 49. Rb6+ Kg7 50. Kh5 Rf3 51. Rb5 Rd3 52. Rb7 Rd5 53. g4 Rd2 54. h4 Rd6 55. g5 hxg5 56. hxg5 Rd3 57. g6 Rh3+ 58. Kg4 Rd3 59. Rxf7+ Kg8 60. Rb7 a4 61. bxa4 Rd4+ 62. Kg5 Rxa4 63. f6 Ra5+ 64. Kh6 Ra8 65. f7+ 1-0

[Event "BCF-ch Senior"]
[Site "Torquay"]
[Date "2013.08.09"]
[Round "7.66"]
[White "Morton, Peter S"]
[Black "Gregg, Alan Michael"]
[Result "1-0"]
[WhiteElo "1981"]
[BlackElo "2094"]
[PlyCount "29"]
[EventDate "2013.08.03"]
[EventType "swiss"]
[EventRounds "7"]
[EventCountry "ENG"]
[SourceTitle "EXT 2023"]
[Source "ChessBase"]
[SourceDate "2022.10.05"]
[SourceVersion "1"]
[SourceVersionDate "2022.10.05"]
[SourceQuality "1"]

1. e4 e5 2. Nf3 Nf6 3. Nxe5 d6 4. Nf3 Nxe4 5. d4 d5 6. Bd3 Be7 7. 0-0 0-0 8. c4 c6 9. Nc3 Nxc3 10. bxc3 dxc4 11. Bxc4 Bf5 12. Ne5 h5 13. Bb3 Bf6 14. Qf3 Qc8 15. Ba3 1-0

[Event "BCF-ch Senior"]
[Site "Torquay"]
[Date "2013.08.07"]
[Round "5.62"]
[White "Gregg, Alan Michael"]
[Black "Bennett, John"]
[Result "1/2-1/2"]
[WhiteElo "2094"]
[BlackElo "2008"]
[PlyCount "64"]
[EventDate "2013.08.03"]
[EventType "swiss"]
[EventRounds "7"]
[EventCountry "ENG"]
[SourceTitle "EXT 2023"]
[Source "ChessBase"]
[SourceDate "2022.10.05"]
[SourceVersion "1"]
[SourceVersionDate "2022.10.05"]
[SourceQuality "1"]

1. Nf3 Nf6 2. g3 g6 3. Bg2 Bg7 4. 0-0 0-0 5. d4 d6 6. c4 Nc6 7. Nc3 Bf5 8. Nh4 Bd7 9. h3 Qc8 10. Kh2 e5 11. e3 Ne8 12. dxe5 Nxe5 13. Nd5 Qd8 14. Qc2 c6 15. f4 cxd5 16. fxe5 Bxe5 17. Nf3 Bg7 18. cxd5 Qb6 19. Rf2 Nf6 20. Nd4 Rae8 21. Qd3 Re7 22. a4 a6 23. b4 Rfe8 24. b5 axb5 25. axb5 Ne4 26. Bxe4 Rxe4 27. Rb1 R4e5 28. Qf1 f5 29. Qg2 Kf8 30. Rc2 f4 31. gxf4 Rh5 32. Ne6+ Bxe6 1/2-1/2

[Event "Bournemouth op"]
[Site "Bournemouth"]
[Date "2012.04.21"]
[Round "3"]
[White "Krzyzanowski, Patryk"]
[Black "Gregg, Alan Michael"]
[Result "0-1"]
[WhiteElo "2017"]
[BlackElo "2110"]
[PlyCount "138"]
[EventDate "2012.04.20"]
[EventType "swiss"]
[EventRounds "5"]
[EventCountry "ENG"]
[SourceTitle "CBM 148 Extra"]
[Source "ChessBase"]
[SourceDate "2012.06.22"]
[SourceVersion "1"]
[SourceVersionDate "2012.06.22"]
[SourceQuality "1"]

1. d4 d5 2. c4 c6 3. Nf3 Nf6 4. Nc3 e6 5. cxd5 exd5 6. Bg5 Be7 7. Qc2 Nbd7 8. e3 Nf8 9. Bd3 Ne6 10. Bh4 h6 11. Ne5 Nd7 12. Bxe7 Qxe7 13. f4 Nxe5 14. fxe5 Qh4+ 15. g3 Qg5 16. Qf2 0-0 17. h4 Qe7 18. 0-0-0 Nd8 19. Bb1 h5 20. Qc2 g6 21. Rdf1 f5 22. Qg2 Ne6 23. g4 hxg4 24. h5 Qg5 25. Qd2 gxh5 26. Ne2 h4 27. Nf4 Rf7 28. Nh3 Qh6 29. Rhg1 Ng7 30. Nf4 Nh5 31. Qh2 Nxf4 32. Rxf4 Be6 33. Rh1 Raf8 34. Bd3 Rg7 35. Bf1 h3 36. Qg3 Qg5 37. Rg1 Qe7 38. a3 c5 39. Kb1 c4 40. Rh1 c3 41. Rf2 cxb2 42. Kxb2 b5 43. Bd3 b4 44. a4 b3 45. Rc1 Qb4 46. Rc3 Qxa4 47. Rxb3 Qd7 48. Rc2 Rc8 49. Rxc8+ Qxc8 50. Rc3 Qb8+ 51. Rb3 Rb7 52. Bc2 Rxb3+ 53. Bxb3 Qd8 54. Kc3 Qg5 55. Kb4 Qh6 56. Qg1 h2 57. Qh1 Qxe3 58. Qxh2 Qxd4+ 59. Ka3 Qe3 60. Qh5 Qxe5 61. Qg6+ Kf8 62. Qg5 g3 63. Qd8+ Kf7 64. Qg5 Qg7 65. Qh5+ Qg6 66. Qf3 g2 67. Bxd5 g1Q 68. Bxe6+ Qxe6 69. Qb7+ Kg6 0-1

[Event "Michigan op-ch"]
[Site "Cadillac"]
[Date "2011.09.04"]
[Round "5"]
[White "Fischvogt, Eric V"]
[Black "Gregg, Alan Michael"]
[Result "1-0"]
[WhiteElo "2201"]
[BlackElo "2017"]
[PlyCount "52"]
[EventDate "2011.09.02"]
[EventType "swiss"]
[EventRounds "7"]
[EventCountry "USA"]
[SourceTitle "EXT 2015"]
[Source "ChessBase"]
[SourceDate "2014.11.20"]
[SourceVersion "1"]
[SourceVersionDate "2014.11.20"]
[SourceQuality "1"]

1. d4 d5 2. c4 c6 3. Nf3 Nf6 4. Nc3 e6 5. e3 Nbd7 6. Qc2 Be7 7. b3 dxc4 8. bxc4 0-0 9. Bd3 c5 10. 0-0 b6 11. d5 exd5 12. Nxd5 h6 13. e4 Nxd5 14. exd5 Bf6 15. Rb1 Ne5 16. Nxe5 Bxe5 17. Re1 Qd6 18. g3 Bd7 19. Bh7+ Kh8 20. Bf5 Rae8 21. Be3 Re7 22. a4 Qf6 23. Bxd7 Rxd7 24. Rb3 Re7 25. a5 Rfe8 26. axb6 axb6 1-0

[Event "Michigan op-ch"]
[Site "Cadillac"]
[Date "2011.09.04"]
[Round "4"]
[White "Gregg, Alan Michael"]
[Black "Hahn, David"]
[Result "1/2-1/2"]
[WhiteElo "2017"]
[BlackElo "2132"]
[PlyCount "51"]
[EventDate "2011.09.02"]
[EventType "swiss"]
[EventRounds "7"]
[EventCountry "USA"]
[SourceTitle "EXT 2015"]
[Source "ChessBase"]
[SourceDate "2014.11.20"]
[SourceVersion "1"]
[SourceVersionDate "2014.11.20"]
[SourceQuality "1"]

1. e4 d6 2. g3 c5 3. Bg2 Nc6 4. Ne2 g6 5. d4 cxd4 6. Nxd4 Bg7 7. Nxc6 bxc6 8. 0-0 Bd7 9. h3 Nf6 10. c4 0-0 11. Nc3 Be6 12. Qa4 Nd7 13. Qxc6 Ne5 14. Qa4 Nxc4 15. Nd5 Nxb2 16. Bxb2 Bxb2 17. Rab1 Bg7 18. Rb7 Bxd5 19. exd5 Bf6 20. Rxa7 Rxa7 21. Qxa7 Qa8 22. Qxa8 Rxa8 23. Re1 Rxa2 24. Bf3 Bd4 25. Re2 Ra3 26. Kg2 1/2-1/2

[Event "Michigan op-ch"]
[Site "Cadillac"]
[Date "2011.09.03"]
[Round "2"]
[White "Gregg, Alan Michael"]
[Black "Shetty, Atulya"]
[Result "0-1"]
[WhiteElo "2017"]
[BlackElo "2269"]
[PlyCount "69"]
[EventDate "2011.09.02"]
[EventType "swiss"]
[EventRounds "7"]
[EventCountry "USA"]
[SourceTitle "EXT 2015"]
[Source "ChessBase"]
[SourceDate "2014.11.20"]
[SourceVersion "1"]
[SourceVersionDate "2014.11.20"]
[SourceQuality "1"]

1. e4 c5 2. g3 Nc6 3. Bg2 g6 4. Ne2 Bg7 5. c3 e5 6. 0-0 Nge7 7. d3 d5 8. h3 0-0 9. Kh2 Rb8 10. f4 b5 11. fxe5 d4 12. a4 a6 13. axb5 axb5 14. Bf4 Nxe5 15. cxd4 cxd4 16. Nd2 N7c6 17. Nf3 Nxf3+ 18. Rxf3 Ne5 19. Rf1 Be6 20. Bxe5 Bxe5 21. Nf4 Qd6 22. Rf3 Bd7 23. Qd2 Ra8 24. Rff1 Ra4 25. b3 Ra3 26. Rxa3 Qxa3 27. Rb1 Bxf4 28. gxf4 Rc8 29. b4 Rc3 30. Bf1 Be6 31. Qf2 Qa7 32. Rb2 Bb3 33. f5 Qc7+ 34. Kg1 Qd6 35. f6 0-1

[Event "LSS RC-2010-0-00059"]
[Site "LSS email"]
[Date "2011.01.24"]
[Round "?"]
[White "Vio, Mauro"]
[Black "Gregg, Alan Michael"]
[Result "1-0"]
[WhiteElo "1513"]
[BlackElo "1719"]
[PlyCount "93"]
[EventDate "2010.12.09"]
[EventType "tourn (corr)"]
[EventRounds "6"]
[EventCountry "GER"]
[SourceTitle "Telechess CBM 145"]
[Source "Chessbase"]
[SourceDate "2011.11.11"]
[SourceVersion "1"]
[SourceVersionDate "2011.11.11"]
[SourceQuality "1"]

1. d4 Nf6 2. e3 g6 3. Nf3 Bg7 4. Bd3 d6 5. 0-0 0-0 6. Nc3 Nbd7 7. h3 b6 8. e4 Bb7 9. Be3 c5 10. d5 a6 11. a4 Rc8 12. Bc4 h6 13. Qd2 Kh7 14. Rad1 Ng8 15. Qe2 Ra8 16. Bd2 Ne5 17. Nxe5 Bxe5 18. f4 Bd4+ 19. Be3 Bg7 20. f5 Qd7 21. fxg6+ fxg6 22. Rxf8 Bxf8 23. Rf1 Bg7 24. Bb3 Rf8 25. Rxf8 Bxf8 26. Bc4 Qc8 27. Qf1 Bg7 28. Nd1 Nf6 29. Nc3 Nd7 30. Be2 Ne5 31. Bf2 Bf6 32. Be3 Bg7 33. Bd2 a5 34. Nb5 Qf8 35. Qxf8 Bxf8 36. Nc7 Bg7 37. c3 Nd7 38. Kf2 Be5 39. Bb5 Nf6 40. Ke3 g5 41. Kd3 Kg6 42. Bc6 Bc8 43. Na8 Ba6+ 44. c4 Bxb2 45. Nxb6 g4 46. Bxa5 gxh3 47. gxh3 1-0

[Event "LSS RB-2010-0-00086"]
[Site "LSS email"]
[Date "2010.05.25"]
[Round "?"]
[White "Ponting, Andrew"]
[Black "Gregg, Alan Michael"]
[Result "1/2-1/2"]
[WhiteElo "1850"]
[BlackElo "1773"]
[PlyCount "87"]
[EventDate "2010.04.08"]
[EventType "tourn (corr)"]
[EventRounds "6"]
[EventCountry "GER"]
[SourceTitle "Telechess CBM 141"]
[Source "ChessBase"]
[SourceDate "2011.03.17"]
[SourceVersion "1"]
[SourceVersionDate "2011.03.17"]
[SourceQuality "1"]

1. e4 c5 2. Nf3 d6 3. d4 cxd4 4. Nxd4 Nf6 5. Nc3 a6 6. Be3 e5 7. Nb3 Be6 8. Qd2 Be7 9. f4 exf4 10. Bxf4 Nc6 11. 0-0-0 Ne5 12. Nd4 0-0 13. Nf5 Bxf5 14. exf5 Re8 15. Kb1 Qc8 16. h3 Qxf5 17. g4 Qc8 18. Bg2 h6 19. Rhf1 Qc7 20. Nd5 Nxd5 21. Qxd5 Rac8 22. Bxe5 Qxc2+ 23. Ka1 dxe5 24. Be4 Qc4 25. Rxf7 Red8 26. Rff1+ Qxd5 27. Bxd5+ Kh7 28. Bxb7 Rxd1+ 29. Rxd1 Rd8 30. Rxd8 Bxd8 31. Bxa6 Kg6 32. b4 Kf6 33. Kb2 e4 34. a4 Ke5 35. a5 Kd4 36. Kb3 e3 37. Be2 Bc7 38. Ka4 Bb8 39. b5 Kc5 40. b6 Bg3 41. b7 Bb8 42. a6 Kb6 43. Kb4 Ba7 44. Kc4 1/2-1/2

[Event "LSS No Engine Cup 21 Preliminary 2"]
[Site "LSS email"]
[Date "2010.05.03"]
[Round "?"]
[White "Gregg, Alan Michael"]
[Black "Potemri, Stefan"]
[Result "0-1"]
[WhiteElo "1766"]
[BlackElo "1239"]
[PlyCount "50"]
[EventDate "2010.05.04"]
[EventType "tourn (corr)"]
[EventRounds "6"]
[EventCountry "GER"]
[SourceTitle "Telechess CBM 141"]
[Source "ChessBase"]
[SourceDate "2011.03.17"]
[SourceVersion "1"]
[SourceVersionDate "2011.03.17"]
[SourceQuality "1"]

1. e4 e5 2. Nf3 Nc6 3. Bb5 a6 4. Ba4 d6 5. d4 b5 6. Bb3 Nxd4 7. Nxd4 exd4 8. Bd5 Rb8 9. Qxd4 Nf6 10. Bc6+ Bd7 11. Bxd7+ Qxd7 12. 0-0 Be7 13. Nc3 0-0 14. Be3 Ng4 15. Nd5 Nxe3 16. Qxe3 Bd8 17. Rad1 c6 18. Nc3 Qe6 19. a3 Bf6 20. Rfe1 Rfe8 21. Rd3 b4 22. axb4 Rxb4 23. e5 Bxe5 24. b3 d5 25. Qc5 Bd4 0-1

[Event "LSS No Engine Cup 21 Preliminary 2"]
[Site "LSS email"]
[Date "2010.05.03"]
[Round "?"]
[White "Jenneborg, Seved"]
[Black "Gregg, Alan Michael"]
[Result "0-1"]
[WhiteElo "1719"]
[BlackElo "1774"]
[PlyCount "98"]
[EventDate "2010.05.04"]
[EventType "tourn (corr)"]
[EventRounds "6"]
[EventCountry "GER"]
[SourceTitle "Telechess CBM 147"]
[Source "ChessBase"]
[SourceDate "2012.03.16"]
[SourceVersion "1"]
[SourceVersionDate "2012.03.16"]
[SourceQuality "1"]

1. d4 Nf6 2. c4 d6 3. Nf3 g6 4. Nc3 Bg7 5. e4 0-0 6. Be2 e5 7. Be3 Ng4 8. Bg5 f6 9. Bh4 Nc6 10. d5 Ne7 11. h3 Nh6 12. 0-0 Nf7 13. Qb3 b6 14. Rfe1 g5 15. Bg3 Ng6 16. Qc2 h5 17. Nd2 h4 18. Bh2 Bd7 19. Nf1 Qc8 20. Ne3 Nh6 21. Bh5 Nf4 22. Bf3 a6 23. Rac1 Ng6 24. Qd1 Nf4 25. Qd2 Qe8 26. Bd1 f5 27. Bc2 fxe4 28. Nxe4 Qh5 29. Bd1 Qg6 30. f3 Nf5 31. Nxf5 Bxf5 32. Ba4 a5 33. Bc6 Rad8 34. Rc3 Rf7 35. Rb3 Rdf8 36. Kh1 Bh6 37. Qc2 Nh5 38. c5 bxc5 39. Ra3 Bg7 40. Rxa5 Ng3+ 41. Bxg3 hxg3 42. Qa4 Qh6 43. Nxg3 Bxh3 44. Kg1 g4 45. Ra8 gxf3 46. Rd1 Qg5 47. Kh2 Bxg2 48. Qe4 Rf4 49. Rxf8+ Bxf8 0-1

[Event "LSS No Engine Cup Gr13 prel 03 email"]
[Site "LSS email"]
[Date "2009.12.27"]
[Round "?"]
[White "Gregg, Alan Michael"]
[Black "Jokmin, Guido"]
[Result "1-0"]
[WhiteElo "1809"]
[BlackElo "713"]
[PlyCount "43"]
[EventDate "2009.12.28"]
[EventType "tourn (corr)"]
[EventRounds "6"]
[EventCountry "GER"]
[SourceTitle "Telechess CBM 137"]
[Source "ChessBase"]
[SourceDate "2010.07.15"]
[SourceVersion "1"]
[SourceVersionDate "2010.07.15"]
[SourceQuality "1"]

1. c4 e5 2. g3 Bc5 3. Bg2 Nf6 4. Nc3 Ng4 5. e3 Qf6 6. Qxg4 c6 7. Ne4 Qe7 8. Qxg7 Rf8 9. Nf3 Qe6 10. Nxc5 Qe7 11. Ne4 d5 12. cxd5 cxd5 13. Nf6+ Kd8 14. Nxd5 Qd6 15. Nxe5 Be6 16. Qf6+ Kc8 17. Ne7+ Kc7 18. Nf5 Bxf5 19. Qxf5 Qc5 20. Qe4 Qb5 21. Qc4+ Qxc4 22. Nxc4 1-0

[Event "LSS No Engine Cup 13 Preliminary 3"]
[Site "LSS email"]
[Date "2009.12.27"]
[Round "?"]
[White "Ruzicka, Richard"]
[Black "Gregg, Alan Michael"]
[Result "0-1"]
[WhiteElo "1673"]
[BlackElo "1801"]
[PlyCount "98"]
[EventDate "2009.12.28"]
[EventType "tourn (corr)"]
[EventRounds "6"]
[EventCountry "GER"]
[SourceTitle "Corr 2013"]
[Source "ChessBase"]
[SourceDate "2012.11.12"]
[SourceVersion "1"]
[SourceVersionDate "2012.11.12"]
[SourceQuality "1"]

1. e4 c5 2. Nf3 d6 3. d4 cxd4 4. Nxd4 Nf6 5. Nc3 a6 6. Bg5 Nbd7 7. f4 Qc7 8. Qd2 b5 9. Bd3 Bb7 10. a3 Nc5 11. e5 dxe5 12. fxe5 Qxe5+ 13. Be2 Nfe4 14. Nf3 Qxc3 15. Qxc3 Nxc3 16. bxc3 f6 17. Be3 e5 18. c4 Bc6 19. cxb5 Bxb5 20. c4 Bc6 21. 0-0 Be7 22. Nd2 0-0 23. Bf3 Bxf3 24. Nxf3 Rfc8 25. Nh4 Ne6 26. Nf5 Kf7 27. Rfc1 g6 28. Nxe7 Kxe7 29. Rab1 Rc7 30. Rb4 a5 31. Rb5 a4 32. c5 Rd8 33. c6 Rd6 34. Ra5 Rdxc6 35. Rxc6 Rxc6 36. Rxa4 h5 37. Kf2 f5 38. Ra8 Rc2+ 39. Kf1 f4 40. Bf2 Rc1+ 41. Ke2 e4 42. Bb6 Rc2+ 43. Kf1 e3 44. g3 e2+ 45. Ke1 f3 46. Be3 Nc5 47. Bg5+ Kf7 48. Ra7+ Ke6 49. Kf2 Ne4+ 0-1

[Event "Guernsey op 35th"]
[Site "Guernsey"]
[Date "2009.10.24"]
[Round "7"]
[White "Williams, Peter Arthur"]
[Black "Gregg, Alan Michael"]
[Result "1/2-1/2"]
[WhiteElo "1961"]
[BlackElo "2140"]
[PlyCount "35"]
[EventDate "2009.10.18"]
[EventType "swiss"]
[EventRounds "7"]
[EventCountry "GCI"]
[SourceTitle "EXT 2010"]
[Source "ChessBase"]
[SourceDate "2010.11.25"]
[SourceVersion "1"]
[SourceVersionDate "2010.11.25"]
[SourceQuality "1"]

1. d4 Nf6 2. c4 e6 3. Nf3 d5 4. Nc3 Be7 5. Bf4 c6 6. e3 Nbd7 7. Bd3 Nh5 8. Be5 Nxe5 9. dxe5 g6 10. Qc2 Qa5 11. 0-0 Bd7 12. a3 a6 13. b4 Qc7 14. c5 0-0 15. Ne2 f6 16. Nf4 Nxf4 17. exf4 f5 18. Nd2 1/2-1/2

[Event "Guernsey op 35th"]
[Site "Guernsey"]
[Date "2009.10.21"]
[Round "4"]
[White "Gregg, Alan Michael"]
[Black "Spanton, Timothy"]
[Result "1/2-1/2"]
[WhiteElo "2140"]
[BlackElo "2009"]
[PlyCount "93"]
[EventDate "2009.10.18"]
[EventType "swiss"]
[EventRounds "7"]
[EventCountry "GCI"]
[SourceTitle "EXT 2010"]
[Source "ChessBase"]
[SourceDate "2010.11.25"]
[SourceVersion "1"]
[SourceVersionDate "2010.11.25"]
[SourceQuality "1"]

1. c4 c5 2. Nf3 g6 3. d4 cxd4 4. Nxd4 Nc6 5. Nxc6 bxc6 6. e4 Bg7 7. Be2 Rb8 8. Qc2 d6 9. 0-0 Qb6 10. Nc3 Nh6 11. Nd1 0-0 12. Be3 Qa5 13. Bd2 Qb6 14. Bc3 Bxc3 15. Qxc3 Ng4 16. Bxg4 Bxg4 17. Ne3 Be6 18. b3 Qb4 19. Qxb4 Rxb4 20. Rfe1 Rfb8 21. f4 f6 22. e5 dxe5 23. fxe5 Kf7 24. Nc2 R4b6 25. Nd4 c5 26. Nb5 a6 27. Nc3 Rd8 28. exf6 exf6 29. Rad1 Rbd6 30. Rxd6 Rxd6 31. Ne4 Rc6 32. Rd1 Ke7 33. Kf2 Bf5 34. Nc3 Rd6 35. Rxd6 Kxd6 36. Ke3 Ke5 37. Na4 Kd6 38. g3 Bb1 39. Nc3 Bf5 40. Kf4 Ke6 41. h4 h6 42. Na4 g5+ 43. hxg5 fxg5+ 44. Kf3 Kd6 45. g4 Bg6 46. Ke3 h5 47. gxh5 1/2-1/2

[Event "Guernsey op 35th"]
[Site "Guernsey"]
[Date "2009.10.18"]
[Round "1"]
[White "Goris Schouwstra, Adry"]
[Black "Gregg, Alan Michael"]
[Result "1/2-1/2"]
[WhiteElo "1952"]
[BlackElo "2140"]
[PlyCount "44"]
[EventDate "2009.10.18"]
[EventType "swiss"]
[EventRounds "7"]
[EventCountry "GCI"]
[SourceTitle "EXT 2010"]
[Source "ChessBase"]
[SourceDate "2010.11.25"]
[SourceVersion "1"]
[SourceVersionDate "2010.11.25"]
[SourceQuality "1"]

1. d4 d5 2. Nf3 Nf6 3. e3 g6 4. Be2 Bg7 5. 0-0 0-0 6. c4 c6 7. Nc3 e6 8. b3 a6 9. Bb2 b5 10. c5 Nfd7 11. b4 e5 12. dxe5 Nxe5 13. Nxe5 Bxe5 14. g3 a5 15. a3 axb4 16. axb4 Rxa1 17. Qxa1 Na6 18. Na2 Bxb2 19. Qxb2 f5 20. Bf3 Qf6 21. Qxf6 Rxf6 22. Rb1 Nc7 1/2-1/2

[Event "LSS RB-2009-0-00065"]
[Site "LSS email"]
[Date "2009.10.04"]
[Round "?"]
[White "Luers, Charles J"]
[Black "Gregg, Alan Michael"]
[Result "1-0"]
[WhiteElo "1848"]
[BlackElo "2140"]
[PlyCount "49"]
[EventDate "2009.08.26"]
[EventType "tourn (corr)"]
[EventRounds "6"]
[EventCountry "GER"]
[SourceTitle "Telechess CBM 137"]
[Source "ChessBase"]
[SourceDate "2010.07.15"]
[SourceVersion "1"]
[SourceVersionDate "2010.07.15"]
[SourceQuality "1"]

1. e4 e5 2. Nf3 Nc6 3. Bb5 a6 4. Ba4 Nf6 5. d3 b5 6. Bb3 Be7 7. 0-0 d6 8. c3 0-0 9. Re1 Bg4 10. a4 Qd7 11. Nbd2 Rfe8 12. h3 Bh5 13. Nf1 b4 14. Ng3 Bg6 15. Nh4 d5 16. Nxg6 hxg6 17. exd5 Nxd5 18. Qf3 Nf6 19. a5 bxc3 20. bxc3 Bd6 21. Ba4 e4 22. Nxe4 Nxe4 23. dxe4 Be5 24. Rd1 Qe6 25. Rd5 1-0

[Event "LSS RB-2009-0-00065"]
[Site "LSS email"]
[Date "2009.10.04"]
[Round "?"]
[White "Pott, Brian"]
[Black "Gregg, Alan Michael"]
[Result "1/2-1/2"]
[WhiteElo "1814"]
[BlackElo "2140"]
[PlyCount "95"]
[EventDate "2009.08.26"]
[EventType "tourn (corr)"]
[EventRounds "6"]
[EventCountry "GER"]
[SourceTitle "Telechess CBM 137"]
[Source "ChessBase"]
[SourceDate "2010.07.15"]
[SourceVersion "1"]
[SourceVersionDate "2010.07.15"]
[SourceQuality "1"]

1. e4 e5 2. Nf3 Nc6 3. Bc4 Bc5 4. b4 Bxb4 5. c3 Ba5 6. Qb3 Qe7 7. d4 exd4 8. 0-0 Bb6 9. cxd4 Nxd4 10. Nxd4 Bxd4 11. Nc3 Nf6 12. Ba3 d6 13. Bxf7+ Qxf7 14. Qa4+ Bd7 15. Qxd4 0-0 16. e5 dxe5 17. Qxe5 Rfc8 18. f3 Bc6 19. Rad1 Re8 20. Qg5 Qh5 21. Qxh5 Nxh5 22. Rfe1 Nf6 23. Kf2 b6 24. Bc1 Rxe1 25. Rxe1 Re8 26. Bf4 Rxe1 27. Kxe1 Nd5 28. Nxd5 Bxd5 29. Bxc7 Bxa2 30. Kd2 Kf7 31. Bb8 a6 32. Kc3 Ke6 33. Bc7 b5 34. Kb4 g6 35. Bb6 Kd5 36. Bc7 Bc4 37. Ka5 Bf1 38. g3 Be2 39. f4 Ke4 40. Bd6 Kf3 41. Kxa6 b4+ 42. Ka5 b3 43. Be5 Bc4 44. Kb4 Bg8 45. Kc3 h5 46. Kb2 Kg2 47. Bf6 Kxh2 48. Bh4 1/2-1/2

[Event "Guernsey op 21st"]
[Site "Guernsey"]
[Date "1995.10.20"]
[Round "6"]
[White "Savory, Richard J"]
[Black "Gregg, Alan Michael"]
[Result "0-1"]
[WhiteElo "2080"]
[BlackElo "2125"]
[PlyCount "62"]
[EventDate "1995.10.15"]
[EventType "swiss"]
[EventRounds "7"]
[EventCountry "GCI"]
[SourceTitle "EXT 2005"]
[Source "ChessBase"]
[SourceDate "2004.11.15"]
[SourceVersion "1"]
[SourceVersionDate "2004.11.15"]
[SourceQuality "1"]

1. e4 e5 2. Nf3 Nc6 3. d4 exd4 4. Nxd4 Nf6 5. Nxc6 dxc6 6. Qxd8+ Kxd8 7. Bg5 Be7 8. Nd2 Be6 9. f4 Ng4 10. Bxe7+ Kxe7 11. Bd3 f6 12. h3 Nh6 13. Kf2 Rad8 14. Rad1 Rhe8 15. Rhe1 Kf8 16. Kf3 g6 17. Bc4 Rxd2 18. Rxd2 Bxc4 19. Rd7 Re7 20. Rd8+ Kg7 21. Red1 Be6 22. Ra8 Nf7 23. Rxa7 b6 24. a4 Nd6 25. b4 Nxe4 26. a5 bxa5 27. Kxe4 Bg4+ 28. Kd3 Bxd1 29. bxa5 c5 30. a6 Be2+ 31. Kc3 Bf1 0-1